Impact of commercial leases code surveyed (Record no. 72506)
[ view plain ]
| 000 -LEADER | |
|---|---|
| fixed length control field | 01445cam a2200217 4500 |
| 001 - CONTROL NUMBER | |
| control field | WB3915-17 |
| 008 - FIXED-LENGTH DATA ELEMENTS--GENERAL INFORMATION | |
| fixed length control field | 030416n2003 000 0 eng u |
| 035 ## - SYSTEM CONTROL NUMBER | |
| System control number | (Sirsi) u122010 |
| 245 ## - TITLE STATEMENT | |
| Title | Impact of commercial leases code surveyed |
| 260 ## - PUBLICATION, DISTRIBUTION, ETC. | |
| Date of publication, distribution, etc. | 2003 |
| 490 ## - SERIES STATEMENT | |
| Series statement | RICS Research |
| Volume/sequential designation | 8 April 2003 (2) |
| 490 ## - SERIES STATEMENT | |
| Series statement | Property Week |
| Volume/sequential designation | 68(14) 11 April 2003, 8(1) |
| 520 ## - SUMMARY, ETC. | |
| Summary, etc. | Chartered surveyors in England and Wales have responded to a follow-up questionnaire on the impact of the new commercial leases code of practice. The majority of surveyors are bringing the code to the attention of prospective tenants and landlords, less than half to existing tenants. The prevalence of upward-only rent reviews has been scarcely affected by the code and only 20% of new tenants and tenants renewing leases have sought greater flexibility. A third of surveyors agreed that landlords were willing to offer more flexible terms following the code. A further survey by the British Property Federation (BPF) of nearly 800 leases signed since the introduction of the code shows occupiers sticking overwhelmingly with upward-only leases. http://www.rics.org/RICSWEB/getpage.aspx?p=pBxGivUS1kiQqlEeLAEkkA |
| 590 ## - LOCAL NOTE (RLIN) | |
| Local note | WB |
| 650 ## - SUBJECT ADDED ENTRY--TOPICAL TERM | |
| Topical term or geographic name entry element | COMMERCIAL LEASES |
| 650 ## - SUBJECT ADDED ENTRY--TOPICAL TERM | |
| Topical term or geographic name entry element | CODE FOR LEASING BUSINESS PREMISES IN ENGLAND AND WALES |
| 650 ## - SUBJECT ADDED ENTRY--TOPICAL TERM | |
| Topical term or geographic name entry element | UPWARD ONLY RENT REVIEWS |
| 650 ## - SUBJECT ADDED ENTRY--TOPICAL TERM | |
| Topical term or geographic name entry element | ABOUT RICS-RICS MEMBERS |
| 690 ## - LOCAL SUBJECT ADDED ENTRY--TOPICAL TERM (OCLC, RLIN) | |
| Topical term or geographic name as entry element | LANDLORD AND TENANT-LEASES |
| 942 ## - ADDED ENTRY ELEMENTS (KOHA) | |
| Suppress in OPAC | 0 |
| Withdrawn status | Lost status | Source of classification or shelving scheme | Damaged status | Not for loan | Home library | Current library | Shelving location | Date acquired | Total Checkouts | Full call number | Barcode | Date last seen | Copy number | Price effective from | Koha item type |
|---|---|---|---|---|---|---|---|---|---|---|---|---|---|---|---|
| Dewey Decimal Classification | London | London | News article | 16/04/2003 | WB3915-17 | 122010-1001 | 06/08/2019 | 1 | 06/08/2019 | News article |